000 00431nam a2200169Ia 4500
008 230524s9999 xx 000 0 und d
020 _a818574937X
082 _a621.381
_bGUT
100 _aJ.B.Gupta
245 0 _aFundamentals of Electrical Engineering and Electronics
250 _a8TH
260 _aNEW DELHI
_bKataria
_c2004
300 _aXIII;1049
500 _aQuantity Number: 40
650 _aElectrical
942 _cBK
999 _c13557
_d13557